Kautilaya's thought on public administration / (Record no. 124243)

MARC details
000 -LEADER
fixed length control field 00705nam a22002297a 4500
005 - DATE AND TIME OF LATEST TRANSACTION
control field 20170124105936.0
010 ## - LIBRARY OF CONGRESS CONTROL NUMBER
LC control number A-427373
020 ## - INTERNATIONAL STANDARD BOOK NUMBER
Terms of availability 00.00
International Standard Book Number 8185135495
035 ## - SYSTEM CONTROL NUMBER
System control number A-427373
037 ## - SOURCE OF ACQUISITION
Source of stock number/acquisition Cen Lib/Ret
040 ## - CATALOGING SOURCE
Original cataloging agency DPL
Language of cataloging EN
082 ## - DEWEY DECIMAL CLASSIFICATION NUMBER
Classification number 350.1
Item number KAU
100 ## - MAIN ENTRY--PERSONAL NAME
Personal name Umesh Kumar
9 (RLIN) 9939
245 ## - TITLE STATEMENT
Title Kautilaya's thought on public administration /
Statement of responsibility, etc by Umesh Kumar
260 ## - PUBLICATION, DISTRIBUTION, ETC. (IMPRINT)
Place of publication, distribution, etc New Delhi
Name of publisher, distributor, etc National Book Organisation
Date of publication, distribution, etc 1990
270 ## - ADDRESS
Address H-39 Green Park Extension
City New Delhi
300 ## - PHYSICAL DESCRIPTION
Extent xv,163
Dimensions 21cm(Hb)
500 ## - GENERAL NOTE
General note Includes bibliographic references and index
650 ## - SUBJECT ADDED ENTRY--TOPICAL TERM
Topical term or geographic name as entry element Arthashastra
9 (RLIN) 9940
650 ## - SUBJECT ADDED ENTRY--TOPICAL TERM
Topical term or geographic name as entry element Kautilya's arthashastra
9 (RLIN) 9941
942 ## - ADDED ENTRY ELEMENTS (KOHA)
Source of classification or shelving scheme Dewey Decimal Classification
Koha item type English Books
Classification part 350
Call number suffix KAU
Holdings
Withdrawn status Lost status Damaged status Not for loan Home library Current library Date acquired Source of acquisition Cost, normal purchase price Total Checkouts Full call number Barcode Date last seen Date checked out Copy number Cost, replacement price Price effective from Koha item type Public note
Written off       Central Library Central Library 15/06/2015 Cen Lib/Ret 0.00 1 350.1 KAU A-427373 12/10/2017 07/10/2017 1 0.00 15/06/2015 English Books Written off on approval by DLB (By Circulation); dtd 15-06-2023

© Delhi Public Library
Hit Counter
free hit counter